00478nam a22001457a 450000100060000000300090000600500170001500700060003200800450003802000130008304000220009624501540011826000340027230000260030600112DO-SdBNP20180306095041.000112160321b sp 1978 ||||| |||| 00| 0 spa d a84057098 aBPMSUbspacBPMSU aEncuentros en la tercera fase :bla increible historia del primer contacto físico entre los habitantes de la tierra y seres llegados de otros mundo aBarcelona :bBruguera,c1978. a48 p. :bil.,c30 cm.